000
00316nam a22001337a 4500
008
181101b xxu||||| |||| 00| 0 eng d
020
_a
9780781721707
041
_a
eng
080
_2
6 TH
_a
615.5
100
_a
7
101
_a
DER
245
_a
Manual Of Dermatologic Therapeutics
_c
Bovers.K.E
942
_2
udc
_c
BK
999
_c
51384
_d
51384